The Craff of Clarity (Record no. 3979)

MARC details
000 -LEADER
fixed length control field 00363nam a22001577a 4500
005 - DATE AND TIME OF LATEST TRANSACTION
control field 20160625114103.0
008 - FIXED-LENGTH DATA ELEMENTS--GENERAL INFORMATION
fixed length control field 160625b xxu||||| |||| 00| 0 eng d
041 ## - LANGUAGE CODE
Language code of text/sound track or separate title eng
082 ## - DEWEY DECIMAL CLASSIFICATION NUMBER
Item number 10166
100 ## - MAIN ENTRY--AUTHOR NAME
Personal name Knight, Robert M
245 ## - TITLE STATEMENT
Title The Craff of Clarity
260 ## - PUBLICATION, DISTRIBUTION, ETC. (IMPRINT)
Name of publisher Surjeet
Year of publication 2003
300 ## - PHYSICAL DESCRIPTION
Number of Pages 139
650 ## - SUBJECT ADDED ENTRY--TOPICAL TERM
Topical Term Mass Communication
942 ## - ADDED ENTRY ELEMENTS (KOHA)
Koha item type Books
Holdings
Lost status Damaged status Home library Current library Shelving location Date acquired Cost, normal purchase price Full call number Accession Number Koha item type
    JRU Library   SHELF-32-G 25/06/2016 160.00 10166 10166 Books
    JRU Library   SHELF-32-G 25/06/2016 160.00 10166 10167 Books
    JRU Library   SHELF-32-G 25/06/2016 160.00 10166 10168 Books
    JRU Library   SHELF-32-G 25/06/2016 160.00 10166 10169 Books